Pseudonimi e nomi d'arte italiani - 3 - Statistics

Statistiche generali
  • Questo quiz è stato fatto 102 volte
    94 dall'ultimo reset
  • Il punteggio medio è 6 su 15
Statistiche sulle risposte
Nome e Cognome Ruolo Nome d'arte / Pseudonimo % Corretto
Antonio De Curtis attore Totò
67%
Fabrizio Tarducci rapper Fabri Fibra
66%
Cosimo Fini rapper Gue Pequeno
62%
Carlo Pedersoli attore Bud Spencer
60%
Gabriele Rubini cuoco Chef Rubio
48%
Alessandro Aleotti cantautore J-Ax
47%
Aron Hector Schmitz scrittore Italo Svevo
45%
Nicoletta Strambelli cantante Patty Pravo
40%
Claudia Judith Nahum rapper Baby K
33%
Karim Musa youtuber Yotobi
30%
Francesca Rivelli attrice Ornella Muti
29%
Pasquale Di Molfetta conduttore radiofonico DJ Linus
27%
Antonio Ciacci cantante e attore Little Tony
24%
Alberto Cotta Ramusino cantautore Tananai
22%
Eugenio Ghiozzi comico Gene Gnocchi
20%
Nessun quiz corrispondente trovato
Distribuzione punteggi
Percentuale di utenti per punteggio
Percentile per numero di risposta
I tuoi punteggi nel tempo
Non hai fatto questo quiz dall'ultimo reset